Tecnologías para el desarrollo de servicios convergentes /
Se presentan aquí nuevas tecnologías para desarrollo, ejecución y despliegue de servicios web en entornos convergentes: SDP, JAIN SLEE, SIP Servlets, NGN y VAS.
Guardat en:
| Altres autors: | |
|---|---|
| Format: | Llibre |
| Idioma: | espanyol |
| Matèries: | |
| Etiquetes: |
Sense etiquetes, Sigues el primer a etiquetar aquest registre!
|
MARC
| LEADER | 00000nam^a2200000^a^4500 | ||
|---|---|---|---|
| 001 | 000391281 | ||
| 005 | 20250521000000.0 | ||
| 009 | 20260310121210.452 | ||
| 020 | |a 978-958-732-100-5 | ||
| 037 | |a Acervo ITESO - Biblioteca | ||
| 041 | |a ESP | ||
| 082 | |a 621. 38216 |b TEC | ||
| 245 | 0 | 0 | |a Tecnologías para el desarrollo de servicios convergentes / |c J.C. Corrales Muñoz... [et al.] |
| 264 | |a Popayán, Colombia : |b Universidad del Cauca, |c fecha no identificada | ||
| 300 | |a 154 p. | ||
| 336 | |a texto |b txt |2 rdacontenido | ||
| 337 | |a sin mediación |b n |2 rdamedio | ||
| 338 | |a volumen |b nc |2 rdasoporte | ||
| 520 | |a Se presentan aquí nuevas tecnologías para desarrollo, ejecución y despliegue de servicios web en entornos convergentes: SDP, JAIN SLEE, SIP Servlets, NGN y VAS. | ||
| 649 | |a XX | ||
| 650 | |a Servicios Web (Software) - |x Tema Principal | ||
| 650 | |a Internet | ||
| 650 | |a Tecnologías de Comunicación e Información | ||
| 650 | |a Protocolos de Comunicación | ||
| 650 | |a Servidores (Computadoras) | ||
| 650 | |a Transmisión de Datos - |x Tema Principal | ||
| 650 | |a Redes de Computadoras | ||
| 650 | |a Comunicación en Red - |x Tema Principal | ||
| 650 | |a Telecomunicaciones | ||
| 650 | |a Ingeniería Computacional | ||
| 700 | |a Corrales Muñoz, Juan Carlos |e (autor) | ||
| 910 | |a Fondo General | ||
| 920 | |a Impresos - Libros | ||
| 930 | |a Colección General | ||
| 905 | |a 101 | ||
| 901 | |a 0500285942 |b IT1 |c ACC |i C153742 |u 20250521 | ||
| 902 | |a https://opac.biblio.iteso.mx/vufind/Record/000391281 | ||